| 000 | 02698nam0a2200409 4500 | ||
|---|---|---|---|
| 001 | RU\NLR\BIBL_A\010572146 | ||
| 005 | 20260406162427.0 | ||
| 021 |
_aRU _b2014-78477 _94799 |
||
| 035 | _a(NLR Aleph) 010572146 | ||
| 035 | _a(NILC)RuMoRGB-007568828 | ||
| 090 |
_a10428502 _c10428502 |
||
| 100 | _a20141222d2014 k y0rusy50 ca | ||
| 101 | 0 | _arus | |
| 102 | _aRU | ||
| 105 | _ac j 000yy | ||
| 200 | 1 |
_aФилософия нового времени: эмпиризм Бэкона и рационализм Декарта _eучебно-методическое пособие _fЕ.А. Королькова, А.А. Королькова _gМ-во образования и науки Российской Федерации, Федеральное гос. автономное образовательное учреждение высш. проф. образования Санкт-Петербургский гос. ун-т аэрокосмического приборостроения |
|
| 210 |
_aСанкт-Петербург _cГУАП _d2014 |
||
| 215 |
_a34, [1] с. _cпортр. _d21 |
||
| 320 | _aБиблиогр.: с. 34 (17 назв.) | ||
| 600 | 1 |
_aБэкон _bФ. _f1561 - 1626 _gФрэнсис _jУчебно-методические пособия для высших учебных заведений _xФилософские взгляды _92305522 _3RU\NLR\AUTH\661380089 |
|
| 600 | 1 |
_aДекарт _bР. _f1596 - 1650 _gРене _jУчебно-методические пособия для высших учебных заведений _xФилософские взгляды _92140157 _3RU\NLR\AUTH\661290022 |
|
| 686 | 1 | _aЮ3(4Вл)5-511я73 | |
| 686 | 1 | _aЮ3(4Фр)5-517я73 | |
| 700 | 1 |
_aКоролькова _bЕ. А. _gЕлена Антоновна |
|
| 701 | 1 |
_aКоролькова _bА. А. _gАнна Александровна |
|
| 702 | 1 |
_4570 _8rus _7ca _aБэкон _bФ. _cфилософ _gФрэнсис _f1561-1626 _3RU\NLR\AUTH\7749430 _932365 |
|
| 702 | 1 |
_4570 _8rus _7ca _aДекарт _bР. _f1596-1650 _gРене _3RU\NLR\AUTH\779329 _9119162 |
|
| 801 | 0 |
_aRU _bРГБ _c20141017 _gRCR |
|
| 856 | 4 |
_lSV_MBA _tVIEW _uhttps://webservices.nlr.ru/viewer/file?name=p010572146_002.jpg _x001 _yСтраница |
|
| 856 | 4 |
_lSV_MBA _tVIEW _uhttps://webservices.nlr.ru/viewer/file?name=p010572146_003.jpg _x002 _yСтраница |
|
| 856 | 4 |
_lSV_MBA _tVIEW _uhttps://webservices.nlr.ru/viewer/file?name=p010572146_004.jpg _x003 _yСтраница |
|
| 856 | 4 | 1 |
_lSV_MBA _tVIEW _uhttps://webservices.nlr.ru/viewer/file?name=t010572146_001.jpg _yОбложка |
| 942 |
_cBOOK _cBOOK |
||
| 980 | _aNBR | ||
| 980 | _aNB | ||